Statistics for Respiration-glycolysis - enzymes

Click here to take the quiz!

General Stats

  • This quiz has been taken 53 times
  • The average score is 4 of 10

Answer Stats

Answer% Correct
Hexokinase
94%
Phosphofructokinase
61%
Aldolase
56%
Enolase
50%
Pyruvate kinase
44%
Triose phosphate isomerase
39%
Glyceraldehyde-3-phosphate dehydrogenase
28%
Phosphoglycerate kinase
28%
Phosphoglucose isomerase
17%
Phosphoglyceromutase
11%

Score Distribution

Percentile by Number Answered

Percent of People with Each Score

Your Score History

You have not taken this quiz